Statistiche per Paesi più vicini al Laos - sprint di un minuto

Clicka qui per fare il quiz!

Statistiche generali

  • Questo quiz è stato fatto 31 volte
  • Il punteggio medio è 14 su 20

Statistiche sulle risposte

kmnazione% Corretto
0Vietnam
100%
0Cambogia
97%
0Cina
97%
0Thailandia
93%
0Birmania
90%
717India
90%
1105Indonesia
90%
945Malesia
90%
780Bangladesh
79%
1315Filippine
72%
1406Singapore
72%
1396Nepal
69%
1528Taiwan
69%
1072Bhutan
62%
1342Brunei
59%
1864Giappone
59%
2360Sri Lanka
55%
2603Corea del Sud
38%
2148Mongolia
38%
2714Corea del Nord
28%

Distribuzione punteggi

Percentile per numero di risposta

Percentuale di utenti per punteggio

I tuoi punteggi nel tempo

Non hai fatto questo quiz